00511 2200193 4500001002100000005001500021035002000036007000300056008004100059020002200100082000800122084001400130100002500144245005300169250001000222260003400232300003800266650001300304INLIS00000000000118220171220100008 a0010-1217000097ta171220 0  a978-602-250-219-7 a297 a297 NUG n0 aNugroho,Eko Novianto1 aNegeri Tanpa Laki - Laki /cEko Novianto Nugroho aCet.1 aJakarta :bGema Insani,c2014 axii,216 hlm :bilus ;c15 x 23 cm akeluarga